000 00314nam a2200097Ia 4500
005 20251222114356.0
008 251222s1900||||xx |||||||||||||| ||spa||
082 _aDVD0093/G91/1985
245 0 _aIntroduzione alla realtà totale: Il Rischio Educativo:Introducción a la realidad total: el riesgo educativo
942 _cDVD
999 _c1457
_d1457